000
00461nam a2200169Ia 4500
008
090711s9999 xx 000 0 und d
082
_b
66447
100
_a
बांदोडकर व. पु.
245
_a
इस्टेट
260
_c
1991
300
_a
188
600
_a
बांदोडकर व. पु.
630
_a
इस्टेट
700
_a
बांदोडकर व. पु.
730
_a
इस्टेट
942
_c
BOOK
999
_c
300919
_d
300919